Statistics for R Vocabulary Words Quiz #2

Click here to take the quiz!

General Stats

  • This quiz has been taken 43,873 times
    (36,725 since last reset)
  • The average score is 13 of 22

Answer Stats

DefinitionWord% Correct
Certain chess pieceRook
92%
British word for eraserRubber
87%
Bullet's bounceRicochet
81%
Light-sensitive layer inside the eyeballRetina
80%
Currency of IndiaRupee
80%
BackpackRucksack
72%
Cheek-reddening makeupRouge
71%
String of prayer beadsRosary
70%
Nose reconstruction surgeryRhinoplasty
69%
Fish eggsRoe
66%
Polygon with four sides of equal lengthRhombus
64%
Competitor or nemesisRival
57%
Stagehand of a traveling rock bandRoadie
57%
To counter an argument in debate or courtRebut
52%
Strip of baconRasher
46%
Music for a funeral massRequiem
45%
Cattle thiefRustler
45%
To demote to a lower soccer leagueRelegate
43%
One who rules in place of an underage monarchRegent
40%
Tree sapResin
34%
Musical style considered a predecessor to jazzRagtime
28%
Cud-chewing animal such as a cow or deerRuminant
27%

Score Distribution

Percentile by Number Answered

Percent of People with Each Score

Your Score History

You have not taken this quiz since the last reset